00681nam a2200229Ia 450000100060000000300090000600800410001504000130005604000130006904100130008210000190009510000290011424500740014324500330021725000110025026000110026126000130027226000490028530000590033465000270039365000310042035879IT-RoPAU130308s9999 xx 000 0 und d aIT-RoPAU cIT-RoPAU aITALIANO aRienacker Gerd gCodice Aut. SPICS: 17079 aChiacchiere interminabili? Sui personaggi narrativi di Richard Wagner bWagner: la Lingua, la Musica a1a ed. aMILANO bUnicopli c1986 [1° Ed.:1986 - Ed.Ling.Originale:1983] a"11 p. (prefazione: no ; testo: 11 [pagine: 125-135])" aAUTORI/OPERE DI MUSICA eCodice materia Spics: 7007